01705 a2200289 4500003000500000005001700005010001600022020001500038040000900053082001800062245008600080260008600166300002900252505046000281650004300741650003600784650003200820650004600852650002900898700004000927740002100967942002700988999001901015952012701034952012701161952012701288Nust20230718103357.0 a 77028623 a0893350478 cNust00a616.89075,GOT04aThe Content analysis of verbal behavior : Further studies /cLouis A. Gottschalk. aNew York :bSP Medical & Scientific Books :bDistributed by Halsted Presscc1979. a977 p. :bill. ;c24 cm. aThe Development of New Content Analysis Scales or Further Validation Studies on Previously Developed Content Analysis Scales (Page-1), Scoring the Content Analysis Scales (Page-237), Neuropsychopharmacological Studies (Page-263), Psychophysiological and Psychosomatic Studies (Page-541), Somatopsychic Studies and Studies of Environmental Effects of Psychological Processes (Page-677), Psychokinetic Studies (Page-713), Papers on Psychotherapy (Page-793). 0aContent analysis (Communication)91590 0aMentally illxLanguage.9100407 0aPsychopharmacology.9100408 0aVerbal behaviorxCollected works.9100409 0aVerbal behavior.91004101 aGottschalk, Louis A.d1916-91004110 aVerbal behavior. 2ddccBKk616.89075,GOT c183167d183167 00102ddc4070aMCSbMCScGENd2016-12-12o616.89075,GOTpMCS20852r2016-12-08w2016-12-12yBKzAlmirah No 88, Shelf No 1 00102ddc4070aMCSbMCScGENd2016-12-12o616.89075,GOTpMCS21286r2016-12-08w2016-12-12yBKzAlmirah No.26, Shelf No.4 00102ddc4070aMCSbMCScGENd2016-12-12o616.89075,GOTpMCS21287r2016-12-08w2016-12-12yBKzAlmirah No 88, Shelf No 1